|
|
|
|
| LEADER |
00651nab a2200181 i 4500 |
| 001 |
acta30462 |
| 005 |
20210322084325.0 |
| 008 |
161017s2012 hu o 0|| hun d |
| 022 |
|
|
|a 2060-3142
|
| 040 |
|
|
|a SZTE Egyetemi Kiadványok Repozitórium
|b hun
|
| 041 |
|
|
|a hun
|
| 100 |
1 |
|
|a Pukánszky Judit
|
| 245 |
1 |
0 |
|a Miként befolyásolhatja a testi elégedettségünket a média?
|h [elektronikus dokumentum] /
|c Pukánszky Judit
|
| 260 |
|
|
|c 2012
|
| 300 |
|
|
|a 49-50
|
| 490 |
0 |
|
|a Acta Sana
|v 7 No. 2
|
| 695 |
|
|
|a Társadalomtudomány, Kommunikáció- és médiatudomány
|
| 856 |
4 |
0 |
|u http://acta.bibl.u-szeged.hu/30462/1/sana_2012_002_049-050.pdf
|z Dokumentum-elérés
|